000 01195nam a2200229Ia 4500
999 _c39147
_d39147
001 5730
003 GE_BSU
005 20190624195328.0
008 181216s1962||||ge |||||||||||||| ||geo||
041 _ageo
080 _a621.317(075.8) პ-62
100 _aპოპოვი, ვ.ს.
_92850
245 _aელექტრო ტექნიკური გაზომვები და ხელსაწყოები : სახელმძღვ. /
_cვ.ს. პოპოვი ; რედ : ლ.კვატაშიძე ; მთარგმნ. : შ.გუგუშვილი ; ტ.აბზიანიძე.
264 _aთბილისი :
_bცოდნა,
_c1962.
300 _a450 გვ.:
_bილ;
_c22 სმ.
653 _aელექტრო ტექნიკური გაზომვები და ხელსაწყოები
653 _aტექნიკა
700 _aკვატაშიძე, ლ
_eრედაქტორი
_91380
700 _aგუგუშვილი, შ
_eმთარგმნელი
_92851
700 _aაბზიანიძე, ტ
_eმთარგმნელი
_92852
942 _cBK
_2udc